| 000 | 00685cam a2200265 4500 | ||
|---|---|---|---|
| 001 | ABS67706 | ||
| 008 | 040408n2004 000 0 eng u | ||
| 035 | _a(Sirsi) u125806 | ||
| 245 | _aRegional survey: Ireland | ||
| 260 | _c2004 | ||
| 490 |
_aProperty Week _v69(10) 5 March 2004, 95-120(12) |
||
| 590 | _aABS | ||
| 590 | _aABS | ||
| 650 | _aIRELAND | ||
| 650 | _aBELFAST | ||
| 650 | _aSCIENCE PARKS | ||
| 650 | _aDUBLIN | ||
| 650 | _aPROPERTY-COMMERCIAL PROPERTY-RETAIL PROPERTY-RETAIL PROPERTY MARKET | ||
| 650 | _aLEISURE MARKET | ||
| 650 | _aOFFICE MARKET | ||
| 650 | _aRETAIL PARKS | ||
| 650 | _aEIRE | ||
| 690 | _aCOMMERCIAL PROPERTY-MARKET | ||
| 942 | _n0 | ||
| 999 |
_c117191 _d117191 |
||